[Event "Summer Prague Open A 2020"]
[Site "Prague"]
[Date "2020.08.12"]
[Round "6.19"]
[White "Soural, Jan"]
[Black "Kanakova, Natalie"]
[Result "1/2-1/2"]
[WhiteElo "2234"]
[BlackElo "2162"]
[Annotator "ChessBase"]
[PlyCount "154"]
[EventDate "2020.08.08"]
[EventCountry "CZE"]
[SourceTitle "playchess.com"]
[Source "ChessBase"]
[SourceQuality "1"]
[TimeControl "40/5400+30:1800+30"]

1. Nf3 c5 2. c4 g6 3. Nc3 Bg7 4. e3 Nf6 5. d4 cxd4 6. exd4 d5 7. Be2 O-O 8. O-O dxc4 9. Bxc4 b6 10. Re1 Bb7 11. d5 Qc7 12. Qe2 Nbd7 13. Nb5 Qc5 14. Be3 Qc8 15. Rac1 a6 16. d6 axb5 17. Bxf7+ Rxf7 18. Rxc8+ Rxc8 19. Ng5 exd6 20. Nxf7 Kxf7 21. Qxb5 Bc6 22. Qb4 Bf8 23. Qh4 Bd5 24. Bd4 Bxa2 25. Bxf6 Nxf6 26. Qa4 Be6 27. Qa7+ Nd7 28. Qb7 Rc5 29. h3 Bg7 30. b4 Rd5 31. Rc1 Be5 32. g3 Ke7 33. Re1 Rd2 34. Qe4 Rd4 35. Qe2 Rxb4 36. Qd2 Rb2 37. Qh6 Nf8 38. Qg5+ Bf6 39. Qe3 Rb5 40. Qd3 Rc5 41. Qa6 Nd7 42. Qa8 Re5 43. Rc1 Ra5 44. Qe4 Rc5 45. Rd1 d5 46. Qe3 d4 47. Rxd4 Bxd4 48. Qxd4 Bd5 49. g4 Kd6 50. Qg7 Kc7 51. f4 b5 52. Qxh7 Be4 53. Qe7 Rc4 54. Qe6 Nc5 55. Qf6 Rc2 56. Qe7+ Kb6 57. Qd8+ Ka6 58. f5 gxf5 59. gxf5 Bxf5 60. Qa8+ Kb6 61. Qd8+ Kc6 62. Qe8+ Nd7 63. Qa8+ Kc5 64. Qa3+ Kd5 65. Qb3+ Ke5 66. Qxb5+ Kf4 67. Qa4+ Kg3 68. Qb3+ Kh4 69. Qf3 Kg5 70. h4+ Kf6 71. Qa3 Nc5 72. Qe3 Ne6 73. h5 Ng5 74. Qd4+ Ke6 75. Qe3+ Kf6 76. Qd4+ Ke6 77. Qe3+ Ne4 1/2-1/2

[Event "Summer Prague Open A 2020"]
[Site "Prague"]
[Date "2020.08.13"]
[Round "7.1"]
[White "Christiansen, Johan-Sebastian"]
[Black "Plat, Vojtech"]
[Result "1/2-1/2"]
[WhiteElo "2612"]
[BlackElo "2562"]
[Annotator "TA"]
[PlyCount "62"]
[EventDate "2020.08.08"]
[EventCountry "CZE"]
[SourceTitle "playchess.com"]
[Source "ChessBase"]
[SourceQuality "1"]

{[%evp 9,62,26,43,10,33,12,38,21,54,52,46,38,42,25,47,42,37,26,64,55,87,53,83,80,83,74,106,41,47,39,47,49,64,70,70,61,80,70,79,82,79,76,61,23,23,23,23,23,23,23,23,23,23,23,23]} 1. e4 c5 2. Nf3 g6 3. c3 Bg7 4. d4 cxd4 5. cxd4 Nf6 6. e5 {B27: Sicilian: 2 Nf3, unusual Black 2nd moves.} Nd5 7. Qb3 Nc7 8. Nc3 {White is slightly better.} d5 9. Be2 Nc6 10. O-O O-O {[#]} 11. h3 $146 ({Predecessor:} 11. Be3 Na5 12. Qa4 b6 13. b3 Bd7 14. Qa3 f6 15. Rac1 Rc8 16. Rfe1 Rf7 17. Qb2 {1-0 (27) Daanen,A (2122)-Blittkowsky,R (1726) LSS email 2014}) 11... Rb8 12. a4 b6 13. Be3 a6 14. Rfc1 Bd7 15. Qa3 Re8 16. b4 b5 17. axb5 axb5 18. Ne1 (18. Qb3 $16) 18... f6 $14 19. exf6 Bxf6 20. Nf3 e5 21. dxe5 Nxe5 22. Bf4 Ra8 23. Qb3 {[#] aiming for Rxa8.} Rxa1 24. Rxa1 Nxf3+ 25. Bxf3 {And now Bxc7 would win.} Be6 {White should prevent ...d4.} 26. Bxc7 Qxc7 {White has an edge.} 27. Bxd5 Qxc3 28. Bxe6+ Kf8 29. Rb1 Qxb3 30. Bxb3 Bc3 31. Bd5 Re1+ {Accuracy: White = 76%, Black = 84%.} 1/2-1/2

[Event "Summer Prague Open A 2020"]
[Site "Prague"]
[Date "2020.08.13"]
[Round "7.2"]
[White "Buchenau, Frank"]
[Black "Petr, Martin"]
[Result "0-1"]
[WhiteElo "2278"]
[BlackElo "2464"]
[Annotator "ChessBase"]
[PlyCount "70"]
[EventDate "2020.08.08"]
[EventCountry "CZE"]
[SourceTitle "playchess.com"]
[Source "ChessBase"]
[SourceQuality "1"]
[TimeControl "40/5400+30:1800+30"]

1. e4 {[%emt 0:00:00]} e6 {[%emt 0:00:00]} 2. d4 {[%emt 0:00:00]} d5 {[%emt 0:00:00]} 3. Nc3 {[%emt 0:00:00]} Bb4 {[%emt 0:01:50]} 4. exd5 {[%emt 0:01:01]} exd5 {[%emt 0:00:21]} 5. Bd3 {[%emt 0:00:08]} c6 {[%emt 0:03:21]} 6. Nge2 {[%emt 0:01:27]} Ne7 {[%emt 0:00:07]} 7. O-O {[%emt 0:07:15]} Bg4 {[%emt 0:02:50]} 8. Bf4 {[%emt 0:04:14]} O-O {[%emt 0:01:44]} 9. Qd2 {[%emt 0:01:14]} Bf5 {[%emt 0:02:26]} 10. Rae1 {[%emt 0:10:16]} Bxd3 {[%emt 0:03:58]} 11. Qxd3 {[%emt 0:01:22]} Ng6 {[%emt 0:00:17]} 12. Bg3 {[%emt 0:01:16]} Nd7 {[%emt 0:08:11]} 13. a3 {[%emt 0:01:54]} Be7 {[%emt 0:00:28]} 14. Nf4 {[%emt 0:12:55]} Re8 {[%emt 0:06:19]} 15. Nxg6 {[%emt 0:04:48]} hxg6 {[%emt 0:00:09]} 16. Nb1 {[%emt 0:17:08]} Qb6 {[%emt 0:03:19]} 17. b4 {[%emt 0:03:48]} a6 {[%emt 0:14:48]} 18. Re2 {[%emt 0:08:27]} Bf6 {[%emt 0:03:01]} 19. c3 {[%emt 0:01:21]} Qb5 {[%emt 0:00:20]} 20. Qxb5 {[%emt 0:01:57]} axb5 {[%emt 0:01:40]} 21. Rfe1 {[%emt 0:00:16]} Rxe2 {[%emt 0:06:10]} 22. Rxe2 {[%emt 0:00:02]} Nb6 {[%emt 0:00:06]} 23. Bf4 {[%emt 0:08:34]} Nc4 {[%emt 0:03:49]} 24. Bc1 {[%emt 0:00:56]} b6 {[%emt 0:04:44]} 25. g4 {[%emt 0:04:09]} Kf8 {[%emt 0:00:31]} 26. Kg2 {[%emt 0:01:58]} Be7 {[%emt 0:05:23]} 27. h4 {[%emt 0:02:49]} Bxh4 {[%emt 0:06:59]} 28. g5 {[%emt 0:02:06]} Re8 {[%emt 0:00:14]} 29. Rxe8+ {[%emt 0:00:42]} Kxe8 {[%emt 0:00:01]} 30. f4 {[%emt 0:01:52]} Ke7 {[%emt 0:04:12]} 31. Kf3 {[%emt 0:00:50]} Ke6 {[%emt 0:00:25]} 32. Kg4 {[%emt 0:00:44]} Be1 {[%emt 0:00:08]} 33. Kf3 {[%emt 0:00:12]} Kf5 {[%emt 0:00:16]} 34. Be3 {[%emt 0:00:18]} Nxe3 {[%emt 0:01:26]} 35. Kxe3 {[%emt 0:00:07]} Bg3 {[%emt 0:00:02]} 0-1

[Event "Summer Prague Open A 2020"]
[Site "Prague"]
[Date "2020.08.13"]
[Round "7.3"]
[White "Svanda, Ondrej"]
[Black "Neuman, Petr"]
[Result "1/2-1/2"]
[WhiteElo "2238"]
[BlackElo "2376"]
[Annotator "TA"]
[PlyCount "38"]
[EventDate "2020.08.08"]
[EventCountry "CZE"]
[SourceTitle "playchess.com"]
[Source "ChessBase"]
[SourceQuality "1"]

{[%evp 15,16,5,15]} 1. c4 c6 2. Nf3 d5 3. g3 g6 4. Bg2 Bg7 5. cxd5 cxd5 6. d4 Nf6 7. O-O O-O 8. Nc3 Ne4 {[#]} {Predecessor:} 9. Nxe4 $146 {D79: Fianchetto Grünfeld: Symmetrical Variation (6 0-0 c6 7 cxd5 cxd5).} dxe4 10. Ng5 Qxd4 11. Nxe4 Nc6 12. Nc3 Qc4 13. Be3 Be6 14. Bd5 Bxd5 15. Qxd5 Qb4 16. Qb3 Rfd8 17. Rfd1 Qxb3 18. axb3 f5 19. f3 Kf7 {½-½ (31) Naroditsky,D (2613)-Oparin,G (2657) Saint Louis 2019} 1/2-1/2

[Event "Summer Prague Open A 2020"]
[Site "Prague"]
[Date "2020.08.13"]
[Round "7.4"]
[White "Mladek, Richard"]
[Black "Hrabusa, Matej"]
[Result "1/2-1/2"]
[WhiteElo "2280"]
[BlackElo "2350"]
[Annotator "TA"]
[PlyCount "33"]
[EventDate "2020.08.08"]
[EventCountry "CZE"]
[SourceTitle "playchess.com"]
[Source "ChessBase"]
[SourceQuality "1"]

{[%evp 19,33,-3,0,-35,14,14,60,67,62,35,35,35,35,35,30,33]} 1. Nf3 d5 2. g3 Nf6 3. Bg2 e6 4. O-O Be7 5. d4 O-O 6. c4 dxc4 7. Qc2 a6 8. Qxc4 b5 9. Qc2 Bb7 10. Bg5 Nbd7 11. Rd1 {E05: Open Catalan: 5 Nf3 Be7.} Be4 12. Qc1 Qc8 13. Nbd2 $1 {[%cal Rd2e4] White is slightly better.} Bb7 {[#]} 14. Ne5 $146 {[#] aiming for Bxb7.} ({Predecessor:} 14. Nb3 a5 15. Bxf6 Bxf6 16. Nc5 Bd5 17. e4 Bc4 18. Nxd7 Qxd7 19. Qe3 b4 20. Nd2 {1-0 (55) Taggatz,M (2284)-Arztmann,W (2191) Austria 2014}) 14... Bxg2 $1 15. Kxg2 c5 16. Nxd7 Qxd7 17. dxc5 1/2-1/2

[Event "Summer Prague Open A 2020"]
[Site "Prague"]
[Date "2020.08.13"]
[Round "7.5"]
[White "Roseneck, Jonas"]
[Black "Kasioumis, Vasilios"]
[Result "1/2-1/2"]
[WhiteElo "2416"]
[BlackElo "2277"]
[Annotator "TA"]
[PlyCount "169"]
[EventDate "2020.08.08"]
[EventCountry "CZE"]
[SourceTitle "playchess.com"]
[Source "ChessBase"]
[SourceQuality "1"]

{[%evp 13,169,10,37,9,20,17,10,20,33,15,37,15,12,0,34,27,56,44,45,0,0,0,0,0,0,0,0,0,0,0,0,0,27,0,7,0,55,52,42,44,78,88,82,91,118,66,84,82,86,54,52,37,54,58,67,8,23,0,45,33,31,0,0,-23,-22,-30,0,-173,-162,-152,-131,-162,-161,-180,-177,-180,-81,-66,-81,-81,91,0,0,0,81,0,194,192,448,408,526,93,83,82,177,110,110,110,166,0,62,0,0,0,12821,12822,12823,12827,12828,12828,12829,12829,12828,12826,12827,12482,12827,0,0,0,0,0,0,0,0,0,0,0,0,0,0,0,0,0,0,0,0,0,0,0,0,0,0,0,0,0,0,0,0,0,0,0,0,0,0,0,0,0]} 1. e4 c5 2. Nf3 d6 3. d4 cxd4 4. Nxd4 Nf6 5. Nc3 a6 6. Be3 e5 7. Nb3 Be6 8. h3 {B90: Sicilian Najdorf: Unusual White 6th moves, 6 Be3 Ng4 and 6 Be3 e5.} Nbd7 9. g4 h6 10. Qd2 b5 11. Bg2 Nb6 12. Na5 $1 Rc8 13. O-O {[#]} Nc4 $146 ({Predecessor:} 13... Be7 14. Nd5 Bxd5 15. exd5 Nc4 16. Nxc4 bxc4 17. b4 Nd7 18. a4 Bg5 19. a5 O-O 20. Kh1 Qf6 21. Rab1 Bf4 22. b5 axb5 23. Rxb5 Nc5 24. Ra1 Bxe3 25. Qxe3 {½-½ (25) Pirs,M (2526)-Savoca,A (2455) ICCF email 2016}) 14. Nxc4 Rxc4 15. b3 Rc8 16. Nd5 (16. a4 $5 {[%cal Ra4b5]}) 16... h5 17. g5 Nxd5 18. exd5 Bf5 19. c3 Qd7 20. Kh2 Be7 21. a4 O-O 22. axb5 Qxb5 23. Ra3 Bd8 $1 24. c4 Qb8 (24... Qb7 $11) 25. Qd1 $14 a5 26. Qxh5 a4 27. Qd1 (27. Rxa4 $6 Qxb3 28. Ra6 Rxc4 $11) 27... axb3 28. Rxb3 Qc7 29. Qf3 ({White should try} 29. c5 $16) 29... Qd7 30. Rc1 f6 31. gxf6 Bxf6 32. Qe2 e4 33. Bf4 $1 Bd4 34. Bg3 (34. Bxe4 $2 Bxe4 35. Bg3 (35. Qxe4 $2 Rxf4 36. Qxf4 Be5 $19) 35... Rce8 $19) (34. Qd2 $14 Ba7 35. Be3) 34... Rf6 $11 35. Qd2 Bc5 36. Bh4 Rf7 37. Rg3 Qa7 38. Rg5 e3 39. Qe2 $1 Rcf8 {[%cal Re3f2,Bc8f8,Bf8b8,Bb8b2][%mdl 32]} 40. f4 $2 (40. Rf1 $11) 40... Qa3 $36 {[%mdl 2048] Black has strong initiative.} 41. Re1 Qc3 42. Bg3 Rb8 43. Rxf5 Rxf5 44. Qg4 Rf6 (44... Qc2 $19 {and Black stays clearly on top. ...Rb2 is the strong threat.} 45. Re2 Qd3) 45. Bh4 $17 Rf7 46. Be4 g5 $2 ({Much worse is} 46... Qxc4 $6 47. Qg6 $1 $11 {[%mdl 512]}) (46... Qd4 $1 $17 {[%cal Rd4e4] and life is bright.} 47. Qg6 Kf8) 47. Bxg5 (47. Re2 $1 $16) 47... Rb2+ $11 48. Bg2 $1 {White threatens Bf6+ and mate.} Qg7 ({Avoid the trap} 48... Rxg2+ $2 49. Kxg2 Kh7 50. Re2 $18) (48... Kh8 $11) 49. Kh1 (49. Kg3 $1 $16) 49... Qg6 $2 (49... Rf2 $11) 50. Qe6 $1 $18 {[%cal Re6g6]} Qc2 $2 (50... Qg7 51. Be4 Kh8) 51. Rg1 {White wants to mate with Bf6.} Rb1 {[#]} 52. Rxb1 $2 (52. Bf1 $1 $18 Rxf1 53. Rxf1) 52... Qxb1+ $16 53. Kh2 Qf5 {[#]} (53... Bd4 $16 {keeps fighting.}) 54. Be4 (54. Bf3 $1 $18) 54... Qxe6 55. dxe6 {[%mdl 4096] Endgame Bd5 would kill now. KRB-KB} Rf8 (55... Ra7 $16 56. e7 Rxe7 57. Bxe7 e2) 56. e7 $2 (56. Bd3 $18) 56... Rb8 (56... Re8 $11 57. Bf3 d5 58. Bxd5+ Kh7 59. Be4+ Kg8) 57. Bf3 (57. Bh4 $14) 57... d5 $1 $11 58. cxd5 {aiming for Kg3.} Bxe7 $2 {[%mdl 8192]} (58... Re8 $11) 59. Bxe7 $18 e2 60. Bxe2 ({Less strong is} 60. Bh4 Rb2 $16) 60... Rb2 61. d6 Rxe2+ {KR-KB} 62. Kg3 Kf7 63. Kg4 Rd2 64. h4 Rd1 65. Kf5 $2 (65. f5 $18 Rd4+ 66. Kf3) 65... Rd5+ $1 $11 {The position is equal.} 66. Ke4 Ke6 67. Bf8 Rh5 68. Be7 {And now Kf3 would win.} Rd5 $1 69. Ke3 Rd1 70. Kf3 Kf5 71. h5 Rd3+ 72. Ke2 Rd5 73. Ke3 {Strongly threatening h6.} Ke6 74. h6 {Black must now prevent Ke4.} Rh5 75. Bf8 Rf5 $1 {[%cal Rf5f8]} 76. Bg7 Rh5 77. Bf8 Rf5 $1 {[%cal Rf5f8]} 78. Bg7 Rh5 79. Kf3 Kxd6 80. Kg4 Rh1 81. Kg5 Ke6 82. Bd4 {Threatens to win with Kg6.} Kf7 83. Bg7 Rg1+ 84. Kf5 Rh1 85. Ke4 {Quite a comeback for White. Accuracy: White = 77%, Black = 72%.} 1/2-1/2

[Event "Summer Prague Open A 2020"]
[Site "Prague"]
[Date "2020.08.13"]
[Round "7.6"]
[White "Slampa, Jan"]
[Black "Cernousek, Lukas"]
[Result "0-1"]
[WhiteElo "2264"]
[BlackElo "2458"]
[Annotator "ChessBase"]
[PlyCount "60"]
[EventDate "2020.08.08"]
[EventCountry "CZE"]
[SourceTitle "playchess.com"]
[Source "ChessBase"]
[SourceQuality "1"]
[TimeControl "40/5400+30:1800+30"]

1. e4 {[%emt 0:00:00]} c5 {[%emt 0:00:00]} 2. Nf3 {[%emt 0:00:00]} d6 {[%emt 0:00:00]} 3. d4 {[%emt 0:00:00]} Nf6 {[%emt 0:00:00]} 4. Nc3 {[%emt 0:00:00]} cxd4 {[%emt 0:00:01]} 5. Nxd4 {[%emt 0:00:00]} a6 {[%emt 0:00:07]} 6. Be2 {[%emt 0:00:12]} Nbd7 {[%emt 0:00:07]} 7. O-O {[%emt 0:01:27]} e6 {[%emt 0:00:06]} 8. f4 {[%emt 0:06:26]} b5 {[%emt 0:00:11]} 9. a3 {[%emt 0:02:36]} Bb7 {[%emt 0:00:08]} 10. Bf3 {[%emt 0:00:08]} Qc7 {[%emt 0:11:12]} 11. Kh1 {[%emt 0:03:36]} Be7 {[%emt 0:01:22]} 12. Qe1 {[%emt 0:04:35]} Rb8 {[%emt 0:10:01]} 13. g4 {[%emt 0:07:24]} h6 {[%emt 0:00:36]} 14. Bd2 {[%emt 0:10:46]} g5 {[%emt 0:03:08]} 15. f5 {[%emt 0:07:08]} e5 {[%emt 0:01:14]} 16. Nb3 {[%emt 0:03:12]} Nb6 {[%emt 0:15:06]} 17. Rd1 {[%emt 0:13:15]} Nc4 {[%emt 0:22:40]} 18. Bc1 {[%emt 0:00:14]} h5 {[%emt 0:00:15]} 19. gxh5 {[%emt 0:07:02]} g4 {[%emt 0:00:01]} 20. Bg2 {[%emt 0:00:43]} Rxh5 {[%emt 0:00:03]} 21. Kg1 {[%emt 0:06:24]} Qb6+ {[%emt 0:15:23]} 22. Qf2 {[%emt 0:10:44]} Bd8 {[%emt 0:00:03]} 23. Rfe1 {[%emt 0:05:21]} Qxf2+ {[%emt 0:02:38]} 24. Kxf2 {[%emt 0:00:02]} Bb6+ {[%emt 0:00:09]} 25. Kg3 {[%emt 0:03:43]} Kd7 {[%emt 0:00:02]} 26. Rh1 {[%emt 0:03:51]} Rg8 {[%emt 0:00:13]} 27. Nd5 {[%emt 0:01:59]} Bxd5 {[%emt 0:00:54]} 28. exd5 {[%emt 0:01:09]} Rxf5 {[%emt 0:07:04]} 29. h3 {[%emt 0:01:55]} Bf2+ {[%emt 0:00:12]} 30. Kh2 {[%emt 0:00:04]} g3# 0-1

[Event "Summer Prague Open A 2020"]
[Site "Prague"]
[Date "2020.08.13"]
[Round "7.7"]
[White "Ludvik, Tomas"]
[Black "Simek, Petr"]
[Result "1/2-1/2"]
[WhiteElo "2202"]
[BlackElo "2344"]
[Annotator "ChessBase"]
[PlyCount "47"]
[EventDate "2020.08.08"]
[EventCountry "CZE"]
[SourceTitle "playchess.com"]
[Source "ChessBase"]
[SourceQuality "1"]
[TimeControl "40/5400+30:1800+30"]

1. d4 {[%emt 0:00:00]} Nf6 {[%emt 0:00:00]} 2. c4 {[%emt 0:00:00]} e6 {[%emt 0:00:00]} 3. Nf3 {[%emt 0:00:00]} d5 {[%emt 0:00:00]} 4. Nc3 {[%emt 0:00:00]} Nbd7 {[%emt 0:00:00]} 5. Bf4 {[%emt 0:00:31]} dxc4 {[%emt 0:00:10]} 6. e3 {[%emt 0:00:07]} Nd5 {[%emt 0:00:11]} 7. Bxc4 {[%emt 0:00:06]} Nxf4 {[%emt 0:00:05]} 8. exf4 {[%emt 0:00:06]} Nb6 {[%emt 0:00:07]} 9. Bb3 {[%emt 0:00:09]} g6 {[%emt 0:00:07]} 10. O-O {[%emt 0:01:44]} Bg7 {[%emt 0:00:04]} 11. Rc1 {[%emt 0:03:59]} O-O {[%emt 0:02:33]} 12. g3 {[%emt 0:03:44]} Nd5 {[%emt 0:15:51]} 13. Qc2 {[%emt 0:07:07]} c6 {[%emt 0:03:04]} 14. Rfd1 {[%emt 0:03:30]} Qe7 {[%emt 0:03:35]} 15. Ne4 {[%emt 0:04:45]} Rd8 {[%emt 0:00:34]} 16. Nc5 {[%emt 0:01:59]} b6 {[%emt 0:09:35]} 17. Ne4 {[%emt 0:02:34]} Bb7 {[%emt 0:00:10]} 18. Ne5 {[%emt 0:01:00]} Rac8 {[%emt 0:00:26]} 19. a3 {[%emt 0:04:17]} h6 {[%emt 0:03:23]} 20. Ba4 {[%emt 0:09:40]} Rc7 {[%emt 0:40:24]} 21. b4 {[%emt 0:06:39]} Rdc8 {[%emt 0:00:13]} 22. Qd2 {[%emt 0:05:54]} Nf6 {[%emt 0:01:22]} 23. Nc3 {[%emt 0:05:03]} a6 {[%emt 0:04:00]} 24. Bb3 {[%emt 0:12:18]} 1/2-1/2

[Event "Summer Prague Open A 2020"]
[Site "Prague"]
[Date "2020.08.13"]
[Round "7.8"]
[White "Defromont, Benjamin"]
[Black "Malassagne, Raphael"]
[Result "1-0"]
[WhiteElo "2236"]
[BlackElo "2305"]
[Annotator "ChessBase"]
[PlyCount "83"]
[EventDate "2020.08.08"]
[EventCountry "CZE"]
[SourceTitle "playchess.com"]
[Source "ChessBase"]
[SourceQuality "1"]
[TimeControl "40/5400+30:1800+30"]

1. e4 {[%emt 0:00:00]} c6 {[%emt 0:00:00]} 2. d4 {[%emt 0:00:00]} d5 {[%emt 0:00:00]} 3. e5 {[%emt 0:00:09]} Na6 {[%emt 0:02:43]} 4. Nf3 {[%emt 0:03:50]} g6 {[%emt 0:01:03]} 5. c3 {[%emt 0:08:00]} Nc7 {[%emt 0:00:26]} 6. Bd3 {[%emt 0:00:43]} Bg7 {[%emt 0:01:16]} 7. O-O {[%emt 0:01:13]} Nh6 {[%emt 0:02:00]} 8. Re1 {[%emt 0:01:05]} O-O {[%emt 0:00:12]} 9. h3 {[%emt 0:04:52]} f6 {[%emt 0:02:06]} 10. exf6 {[%emt 0:08:15]} exf6 {[%emt 0:01:25]} 11. Bf4 {[%emt 0:00:22]} Ne6 {[%emt 0:03:06]} 12. Bh2 {[%emt 0:00:22]} f5 {[%emt 0:10:35]} 13. Be5 {[%emt 0:06:28]} Bxe5 {[%emt 0:01:22]} 14. Nxe5 {[%emt 0:00:52]} f4 {[%emt 0:07:06]} 15. Nd2 {[%emt 0:02:03]} Nf5 {[%emt 0:07:10]} 16. Ndf3 {[%emt 0:02:17]} Kg7 {[%emt 0:00:23]} 17. Qc2 {[%emt 0:04:07]} Ng5 {[%emt 0:15:17]} 18. Nxg5 {[%emt 0:06:33]} Qxg5 {[%emt 0:00:05]} 19. Nf3 {[%emt 0:00:05]} Qf6 {[%emt 0:02:42]} 20. Re5 {[%emt 0:02:10]} Nd6 {[%emt 0:07:06]} 21. Rae1 {[%emt 0:00:48]} Bd7 {[%emt 0:00:55]} 22. b3 {[%emt 0:09:52]} Rae8 {[%emt 0:01:07]} 23. c4 {[%emt 0:02:31]} Be6 {[%emt 0:06:57]} 24. cxd5 {[%emt 0:05:57]} Bxd5 {[%emt 0:01:56]} 25. Rxe8 {[%emt 0:02:13]} Rxe8 {[%emt 0:00:05]} 26. Rxe8 {[%emt 0:00:40]} Nxe8 {[%emt 0:00:05]} 27. Be4 {[%emt 0:00:22]} Qd6 {[%emt 0:04:18]} 28. Bxd5 {[%emt 0:01:45]} Qxd5 {[%emt 0:00:09]} 29. Qe2 {[%emt 0:00:19]} Kf8 {[%emt 0:02:51]} 30. Qd2 {[%emt 0:00:34]} Qe4 {[%emt 0:05:56]} 31. Ng5 {[%emt 0:06:41]} Qf5 {[%emt 0:09:26]} 32. Qb4+ {[%emt 0:01:41]} c5 {[%emt 0:00:48]} 33. dxc5 {[%emt 0:01:56]} Qxg5 {[%emt 0:00:06]} 34. c6+ {[%emt 0:00:27]} Kg7 {[%emt 0:00:43]} 35. cxb7 {[%emt 0:04:48]} f3 {[%emt 0:00:10]} 36. g3 {[%emt 0:00:25]} Qc1+ {[%emt 0:00:46]} 37. Kh2 {[%emt 0:00:03]} Qf1 {[%emt 0:03:48]} 38. Qe7+ {[%emt 0:00:15]} Kh6 {[%emt 0:00:08]} 39. Qf8+ {[%emt 0:00:16]} Ng7 {[%emt 0:01:04]} 40. Qf4+ {[%emt 0:00:06]} g5 {[%emt 0:00:13]} 41. Qf6+ {[%emt 0:30:06]} Kh5 {[%emt 0:30:06]} 42. g4+ {[%emt 0:00:19]} 1-0

[Event "Summer Prague Open A 2020"]
[Site "Prague"]
[Date "2020.08.13"]
[Round "7.9"]
[White "Pozdnjakov, Viatcheslav"]
[Black "Dietz, Florian"]
[Result "1-0"]
[WhiteElo "2300"]
[BlackElo "2262"]
[Annotator "TA"]
[PlyCount "109"]
[EventDate "2020.08.08"]
[EventCountry "CZE"]
[SourceTitle "playchess.com"]
[Source "ChessBase"]
[SourceQuality "1"]

{[%evp 31,109,72,94,65,61,39,32,29,56,0,0,-79,92,67,123,103,95,96,208,93,141,139,149,11,6,8,14,8,8,12,10,10,19,11,9,0,6,0,30,23,38,32,71,59,149,54,130,91,80,75,77,81,193,87,107,120,158,114,612,595,689,642,800,778,790,771,954,890,1041,1014,1193,1187,1121,1075,1752,1780,1625,1542,1489,1325]} 1. d4 Nf6 2. Nf3 g6 3. c4 Bg7 4. Nc3 d6 5. e4 O-O 6. Be2 e5 7. O-O Nc6 8. d5 Ne7 9. Ne1 Nd7 10. Bd2 f5 11. f3 Kh8 12. Nd3 f4 13. Rc1 g5 14. b4 Nf6 15. c5 Neg8 16. Nf2 h5 17. cxd6 {E99: King's Indian: Classical Main Line: 9 Ne1 Nd7 10 f3 f5.} cxd6 18. Nb5 Rf7 19. Qc2 {White is slightly better.} Ne8 {[#]} 20. Qd3 $146 ({White should play} 20. a4 $14) ({Predecessor:} 20. a4 Nh6 21. h3 Bf6 22. a5 a6 23. Na3 b5 24. axb6 Qxb6 25. Qc6 Qxc6 26. Rxc6 {½-½ (78) Janos,J (2210)-Miklas,M (2130) Slovakia 1997}) 20... Nh6 21. g4 (21. a4 $11 {keeps the balance.}) 21... fxg3 $2 (21... hxg4 $17 {and life is bright. ...a6 is the strong threat.} 22. fxg4 a6) 22. hxg3 $16 Bd7 (22... Bf6 $14) 23. Kg2 h4 24. Rh1 Qf6 (24... hxg3 $16 {was called for.} 25. Ng4 (25. Kxg3 Kg8 $16) 25... Bxg4) 25. Rcf1 (25. Qe3 $18 {and White stays clearly on top.}) 25... Kg8 26. Qe3 hxg3 27. Ng4 ({White should try} 27. Nh3 $1 $16) 27... Nxg4 $11 28. fxg4 Qg6 {aiming for ...Rf4.} 29. Rxf7 Qxf7 30. Rf1 Qg6 31. Kxg3 a6 32. Nc3 $36 {[%mdl 2048] White has the initiative.} Nf6 33. Bf3 Rc8 34. Qb6 Bf8 35. Qxb7 Rc4 36. Qxa6 Rxb4 37. Qe2 Rb2 {[#]} (37... Be7 $14) 38. Qe3 (38. a4 $1 $16) 38... Bh6 (38... Be7 $14) 39. Bc1 Rb8 40. Qa7 Rc8 41. Bd2 Rf8 {[#]} (41... Bf8 $16) 42. Qa6 (42. a4 $1 $18 {is more deadly.}) 42... Rf7 43. a4 Bf8 44. Rh1 Bxg4 $2 {[%mdl 8192] Black cannot hold the game after this.} (44... Be7 $16) 45. Bxg4 $18 {White is clearly winning.} Nxg4 46. Kxg4 Rf2 {Strongly threatening ...Qf7.} 47. Qd3 Qf7 48. Qe3 Be7 49. Kg3 Rf4 50. Qe2 g4 51. Kg2 Rf3 52. Rf1 Qg6 53. Rxf3 gxf3+ 54. Kxf3 Qh5+ 55. Kg2 {Accuracy: White = 61%, Black = 40%.} 1-0